Statistiques concernant Les plus gros partenaires commerciaux - Pologne

Cliquez ici pour prendre le quiz!

Statistiques générales

  • Ce quiz a été pris 113 fois
  • Le résultat moyen est 22 sur 24

Statistiques - réponses

exportationsimportationspays% Correct
10,8 Md7,34 MdFrance
100%
53,0 Md43,2 MdAllemagne
99%
5,79 Md11,5 MdRussie
99%
23,4 MdChine
97%
4,81 Md5,50 MdEtats-Unis
97%
5,43 Md4,12 MdEspagne
96%
3,83 MdUkraine
95%
9,46 Md9,62 MdItalie
94%
5,65 Md3,20 MdSuède
94%
13,0 Md4,81 MdRoyaume-Uni
92%
4,73 Md3,66 MdSlovaquie
92%
3,49 MdRoumanie
91%
2,87 MdJapon
90%
3,47 Md3,07 MdAutriche
88%
5,18 Md3,38 MdHongrie
88%
2,48 MdNorvège
88%
4,19 Md4,91 MdBelgique
87%
2,07 MdInde
87%
8,67 Md7,05 MdPays-Bas
87%
3,34 Md2,12 MdDanemark
83%
12,7 Md6,61 MdTchequie
82%
3,12 Md3,09 MdTurquie
81%
2,65 MdLituanie
80%
3,34 MdCorée du Sud
76%

Distribution des résultats

Percentile par nombre de réponses

% des personnes avec chaque résultat

Votre développement - résultats

Vous n’avez pas pris ce quiz